Historietas de la vida real : sobre género y derechos /
Álbum de historietas destinado a ser usado como disparador en temas relacionados con ESI. Género y derechos
Guardado en:
| Autor Corporativo: | |
|---|---|
| Formato: | Objeto Físico |
| Idioma: | Spanish |
| Publicado: |
Buenos Aires :
Ministerio de Salud. Presidencia de la Nación,
201-
|
| Series: | Talleres
|
| Materias: | |
| Etiquetas: |
Agregar Etiqueta
Sin Etiquetas, Sea el primero en etiquetar este registro!
|
| LEADER | 01191nrm a22002655a 4500 | ||
|---|---|---|---|
| 001 | CEM.cems020852 | ||
| 008 | 240304s201-####ag#---############vlspa#d | ||
| 005 | 20240304102614.0 | ||
| 245 | 1 | 0 | |a Historietas de la vida real : |b sobre género y derechos / |c Argentina. Ministerio de Salud. Presidencia de la Nación. |
| 260 | |a Buenos Aires : |b Ministerio de Salud. Presidencia de la Nación, |c 201- |e (Buenos Aires) | ||
| 300 | |a (6 historietas color) ; en sobre transparente . 30 x 23,5 x 1 cm. | ||
| 490 | 1 | |a Talleres | |
| 500 | |a El presente material es un álbum de historietas sobre ESI. | ||
| 520 | |a Álbum de historietas destinado a ser usado como disparador en temas relacionados con ESI. Género y derechos | ||
| 500 | |a Plan Nacional de prevención del embarazo no intencional en la adolescencia. | ||
| 710 | 2 | |a Argentina. Ministerio de Salud. Presidencia de la Nación. | |
| 653 | |a Colección Recursos Didácticos ESI | ||
| 653 | |a Educación Sexual Integral | ||
| 653 | |a VIH | ||
| 653 | |a Sida | ||
| 653 | |a Género | ||
| 653 | |a Sexualidad | ||
| 653 | |a Reproducción | ||
| 653 | |a Enfermedades de Transmisión Sexual | ||
| 859 | |a CEMS |b BIB. CEMS - 11 de abril |h RecursoESI |p 29878.24 |t Ej.1 | ||
